000 nam a22 7a 4500
999 _c8093
_d8093
008 171128b xxu||||| |||| 00| 0 eng d
100 _aSoper.A.
_94539
245 _aFive on a Secret trail
260 _aLondon
_bH.C.
_c1992